[Event "Michigan Action"]
[Site "Detroit"]
[Date "1991.12.07"]
[Round "1"]
[White "Finegold, Mark"]
[Black "Austin, Joel"]
[Result "1-0"]
[WhiteElo "2238"]
[BlackElo "1346"]
[PlyCount "79"]
[EventDate "1991.12.07"]

1. e4 e5 2. Nf3 Nc6 3. d4 exd4 4. Nxd4 Qe7 5. Nc3 Nxd4 6. Qxd4 Qd6 7. Qe3 b6 8.
Bc4 Bb7 9. O-O g6 10. Qe2 Bh6 11. Nb5 Qc6 12. Bd5 Qc5 13. b4 Qxb4 14. Nxc7+ Kd8
15. Bxb7 Rb8 16. Na6 Qc3 17. Nxb8 Qxa1 18. Bg5+ Qf6 19. Bxf6+ Nxf6 20. Qd3 Kc7
21. Qc3+ Kxb7 22. Qxf6 Rxb8 23. Qxf7 Kc7 24. Rd1 Rd8 25. e5 Kb7 26. Rxd7+ Rxd7
27. Qxd7+ Ka6 28. e6 Bg5 29. e7 Bxe7 30. Qxe7 h5 31. Kf1 g5 32. Ke2 h4 33. Kd3
h3 34. g3 g4 35. Kc4 b5+ 36. Kb4 Kb6 37. Qd6+ Kb7 38. Kc5 a5 39. Qb6+ Ka8 40.
Kc6 1-0

[Event "Michigan Action"]
[Site "Detroit"]
[Date "1991.12.07"]
[Round "1"]
[White "Edens, Samuel"]
[Black "Noren, Kevin"]
[Result "0-1"]
[WhiteElo "1605"]
[BlackElo "2323"]
[PlyCount "54"]
[EventDate "1991.12.07"]

1. e4 c5 2. Nf3 Nc6 3. Bc4 e6 4. Nc3 d6 5. O-O Nf6 6. d3 Be7 7. h3 O-O 8. Re1
a6 9. a3 b5 10. Ba2 Bb7 11. Nd5 exd5 12. exd5 Nd4 13. Nxd4 cxd4 14. Bg5 h6 15.
Bh4 Re8 16. Qf3 Nh7 17. Bxe7 Rxe7 18. Rxe7 Qxe7 19. Kf1 Re8 20. g3 Bc8 21. g4
Ng5 22. Qd1 Nxh3 23. Qe1 Qd8 24. Qd2 Bxg4 25. Rc1 Re2 26. Qb4 Rxf2+ 27. Ke1
Qe7# 0-1

[Event "Michigan Action"]
[Site "Detroit"]
[Date "1991.12.07"]
[Round "4"]
[White "Eagle, Chris"]
[Black "Walker, Douglas"]
[Result "1-0"]
[WhiteElo "2134"]
[BlackElo "1828"]
[PlyCount "73"]
[EventDate "1991.12.07"]

1. d4 d5 2. c4 e6 3. g3 c6 4. Bg2 Nf6 5. Nf3 Be7 6. O-O O-O 7. Qc2 Nbd7 8. Nbd2
Qc7 9. e4 dxe4 10. Nxe4 e5 11. dxe5 Nxe5 12. Nfg5 Ng6 13. h4 h6 14. Nxf6+ Bxf6
15. Ne4 Qe5 16. Nxf6+ Qxf6 17. Bd2 Be6 18. Bc3 Qe7 19. Rfe1 Qc5 20. b3 Rfe8 21.
Rad1 Rad8 22. Rxd8 Rxd8 23. Rxe6 fxe6 24. Qxg6 Qe7 25. Be4 Qf7 26. Qh7+ Kf8 27.
Bg6 Rd1+ 28. Kg2 Qc7 29. Qh8+ Ke7 30. Qxg7+ Kd8 31. Qf8+ Kd7 32. Be8+ Kc8 33.
Bf7+ Rd8 34. Bxe6+ Kb8 35. Qf6 Ka8 36. Be5 Qb6 37. c5 1-0

[Event "Michigan Action"]
[Site "Detroit"]
[Date "1991.12.07"]
[Round "2"]
[White "Eagle, Chris"]
[Black "Vaka, Flamur"]
[Result "1-0"]
[WhiteElo "2134"]
[BlackElo "1558"]
[PlyCount "102"]
[EventDate "1991.12.07"]

1. d4 Nf6 2. c4 e6 3. g3 d5 4. Bg2 c6 5. Nf3 Nbd7 6. O-O Bd6 7. Nbd2 O-O 8. Qc2
c5 9. e4 dxe4 10. Nxe4 Nxe4 11. Qxe4 cxd4 12. Nxd4 Bc5 13. Rd1 Qb6 14. b3 Nf6
15. Qh4 e5 16. Nf3 Bxf2+ 17. Kh1 Bg4 18. Bg5 Bxf3 19. Bxf3 Rfe8 20. Bxf6 Qxf6
21. Qxf6 gxf6 22. Bxb7 Rab8 23. Rd7 Red8 24. Rad1 Bd4 25. Rxd8+ Rxd8 26. Be4
Rd6 27. Kg2 h6 28. Kf3 Kg7 29. Rd2 Rd8 30. c5 Rc8 31. c6 Rc7 32. Rc2 Kf8 33.
Kg4 Kg7 34. Kf5 Bg1 35. a4 a5 36. Rd2 Bd4 37. Rc2 Bg1 38. h3 Bd4 39. Rc4 Rc8
40. Bd5 Rc7 41. b4 Bb6 42. bxa5 Bxa5 43. Rc5 Bd2 44. a5 Be3 45. Rb5 Bd2 46. a6
Ra7 47. Rb7 Rxa6 48. Rxf7+ Kh8 49. Kg6 Kg8 50. Ra7+ Kf8 51. Rxa6 Ke7 1-0

[Event "Michigan Action"]
[Site "Detroit"]
[Date "1991.12.07"]
[Round "6"]
[White "Eagle, Chris"]
[Black "Grossman, Jay"]
[Result "1-0"]
[WhiteElo "2134"]
[BlackElo "1842"]
[PlyCount "85"]
[EventDate "1991.12.07"]

1. d4 Nf6 2. c4 e6 3. g3 d5 4. Bg2 Bb4+ 5. Nd2 O-O 6. a3 Bd6 7. Ngf3 Nbd7 8.
O-O c5 9. dxc5 Nxc5 10. b4 Nce4 11. Nxe4 Nxe4 12. cxd5 Qf6 13. Qd4 exd5 14. Bb2
Qxd4 15. Nxd4 Nd2 16. Rfd1 Nc4 17. Bc3 Be6 18. Nb5 a6 19. Nxd6 Nxd6 20. Bxd5
Bxd5 21. Rxd5 Nc4 22. b5 Rac8 23. Bb4 Rfe8 24. bxa6 bxa6 25. Rc1 Rc6 26. e4 f6
27. f3 Rec8 28. Rcd1 a5 29. Rd8+ Rxd8 30. Rxd8+ Kf7 31. Rd7+ Kg8 32. Be7 Ne5
33. Ra7 Nxf3+ 34. Kg2 Ng5 35. e5 Rc2+ 36. Kf1 Rxh2 37. exf6 gxf6 38. Bxf6 Ne4
39. Be5 Rh5 40. Rxa5 Nxg3+ 41. Kg2 Ne4 42. Kf3 Nd2+ 43. Kg4 1-0

[Event "Michigan Action"]
[Site "Detroit"]
[Date "1991.12.07"]
[Round "3"]
[White "Dyer, Todd"]
[Black "Whipple, Greg"]
[Result "1-0"]
[WhiteElo "1487"]
[BlackElo "1605"]
[PlyCount "77"]
[EventDate "1991.12.07"]

1. d4 d5 2. e3 Bf5 3. Bd3 Bxd3 4. Qxd3 Nc6 5. Nc3 e6 6. Nf3 Nf6 7. O-O Bd6 8.
e4 h6 9. e5 O-O 10. Bf4 Bb4 11. exf6 Qxf6 12. a3 Qxf4 13. axb4 Nxb4 14. Qe2 Qf5
15. Rfc1 f6 16. Nh4 Qf4 17. Ng6 Qxd4 18. Nxf8 Rxf8 19. Qxe6+ Rf7 20. Qe3 c5 21.
Qxd4 cxd4 22. Nb5 d3 23. cxd3 Nxd3 24. Rc8+ Kh7 25. h4 Nxb2 26. Rxa7 Rd7 27. h5
g6 28. hxg6+ Kxg6 29. Nd4 Kg5 30. Rb8 Kf4 31. Rbxb7 Rd8 32. Rxb2 Ke4 33. Ra4
Rc8 34. Re2+ Kd3 35. Re3+ Kd2 36. Ra2+ Kd1 37. Kf1 Rc2 38. Rxc2 f5 39. Re1# 1-0

[Event "Michigan Action"]
[Site "Detroit"]
[Date "1991.12.07"]
[Round "6"]
[White "Dyer, Todd"]
[Black "Walker, Douglas"]
[Result "0-1"]
[WhiteElo "1487"]
[BlackElo "1828"]
[PlyCount "71"]
[EventDate "1991.12.07"]

1. d4 d5 2. e3 Nf6 3. Bd3 c6 4. Nf3 Bg4 5. Nbd2 e6 6. O-O Bd6 7. Re1 Nbd7 8. c3
Qc7 9. h3 Bh5 10. b3 O-O-O 11. Qc2 h6 12. a4 g5 13. Ba3 g4 14. hxg4 Nxg4 15.
Nf1 Rdg8 16. e4 dxe4 17. Bxe4 Ndf6 18. Re2 Rg7 19. Bxd6 Qxd6 20. Rae1 Rhg8 21.
Nh4 Qe7 22. Bf3 Nh7 23. Nf5 Qg5 24. Nxg7 Rxg7 25. Be4 Nhf6 26. g3 Nxe4 27. Qxe4
Nf6 28. Qe5 Bxe2 29. Qxg5 Rxg5 30. Rxe2 h5 31. Re5 Rg7 32. f4 h4 33. Kf2 Ng4+
34. Kg2 Nxe5 35. dxe5 hxg3 36. Nxg3 0-1

[Event "Michigan Action"]
[Site "Detroit"]
[Date "1991.12.07"]
[Round "5"]
[White "Dyer, Todd"]
[Black "Jones, Louis"]
[Result "1-0"]
[WhiteElo "1487"]
[BlackElo "1281"]
[PlyCount "37"]
[EventDate "1991.12.07"]

1. d4 d5 2. e3 Bf5 3. Bd3 e6 4. Bxf5 exf5 5. Nf3 Nf6 6. c3 g6 7. Nbd2 Bg7 8.
O-O O-O 9. b3 Nc6 10. Ba3 Re8 11. Qc2 Ne4 12. Rad1 Nxd2 13. Rxd2 a5 14. Re1 b5
15. Bc5 b4 16. c4 g5 17. cxd5 Qxd5 18. Nxg5 f4 19. Qxh7# 1-0

[Event "Michigan Action"]
[Site "Detroit"]
[Date "1991.12.07"]
[Round "1"]
[White "Dyer, Todd"]
[Black "Arnold, J."]
[Result "1-0"]
[WhiteElo "1487"]
[BlackElo "1605"]
[PlyCount "31"]
[EventDate "1991.12.07"]

1. d4 d5 2. e3 f6 3. Bd3 e5 4. dxe5 fxe5 5. Qh5+ g6 6. Qxe5+ Qe7 7. Qxh8 Nf6 8.
b3 Bf5 9. Ba3 Qf7 10. Qxf8+ Qxf8 11. Bxf8 Kxf8 12. Bxf5 gxf5 13. Nf3 Nc6 14.
Nc3 Nb4 15. O-O-O Rd8 16. Nb5 1-0

[Event "Michigan Action"]
[Site "Detroit"]
[Date "1991.12.07"]
[Round "5"]
[White "Davis, Ralph"]
[Black "Poenisch, Volker"]
[Result "0-1"]
[WhiteElo "1605"]
[BlackElo "1830"]
[PlyCount "54"]
[EventDate "1991.12.07"]

1. d4 d5 2. c4 e6 3. Nc3 Nf6 4. Bg5 Nbd7 5. e4 dxe4 6. g3 h6 7. Bxf6 Nxf6 8.
Bg2 c6 9. Nge2 Qa5 10. O-O Be7 11. Nxe4 O-O 12. Qc2 e5 13. Rfd1 exd4 14. Nxd4
c5 15. Nb3 Qb6 16. Nxf6+ Bxf6 17. Rd5 Be6 18. Rxc5 Rac8 19. Rb5 Qxb5 20. cxb5
Rxc2 21. Bxb7 Bxb3 22. axb3 Bd4 23. Rf1 Bb6 24. Kg2 Rd8 25. Bf3 Rdd2 26. Re1
Rxf2+ 27. Kh3 Rxf3 0-1

[Event "Michigan Action"]
[Site "Detroit"]
[Date "1991.12.07"]
[Round "3"]
[White "Davis, Ralph"]
[Black "Baze, Lineas"]
[Result "0-1"]
[WhiteElo "1605"]
[BlackElo "2047"]
[PlyCount "70"]
[EventDate "1991.12.07"]

1. d4 Nf6 2. c4 g6 3. Nc3 Bg7 4. e4 d6 5. Nf3 O-O 6. Bd3 e5 7. d5 Nh5 8. O-O
Nf4 9. Ne2 Nxd3 10. Qxd3 Na6 11. Be3 Nc5 12. Bxc5 dxc5 13. Rab1 f5 14. exf5
Bxf5 15. Qe3 Bxb1 16. Rxb1 Qe7 17. Rd1 b6 18. Qe4 Rae8 19. g3 Qf6 20. Rd3 Qf5
21. Re3 Qxe4 22. Rxe4 Rxf3 23. Kg2 Rff8 24. Nc3 a6 25. a3 Rd8 26. b4 cxb4 27.
axb4 Rfe8 28. Kf3 Bf8 29. b5 a5 30. Ke3 Bc5+ 31. Ke2 Rf8 32. f4 exf4 33. gxf4
Rde8 34. Rxe8 Rxe8+ 35. Kf3 Re3+ 0-1

[Event "Michigan Action"]
[Site "Detroit"]
[Date "1991.12.07"]
[Round "1"]
[White "Davis, Michael"]
[Black "Winter, B."]
[Result "1-0"]
[WhiteElo "1526"]
[BlackElo "1605"]
[PlyCount "47"]
[EventDate "1991.12.07"]

1. d4 e6 2. c4 Nc6 3. Nc3 Nf6 4. Bg5 d5 5. cxd5 exd5 6. Bxf6 gxf6 7. e3 Bf5 8.
a3 Bh6 9. Qf3 Bc2 10. Nxd5 Qd6 11. Qxf6 Qf8 12. Nxc7+ Kd7 13. Nxa8 Bg7 14. Qf4
Qxa8 15. Qxf7+ Kd6 16. Qxg7 Re8 17. Rc1 Ba4 18. Nf3 Qd8 19. Qg3+ Kd7 20. Bd3
Qf6 21. O-O Nxd4 22. Qc7+ Ke6 23. Nxd4+ Kd5 24. Qc5# 1-0

[Event "Michigan Action"]
[Site "Detroit"]
[Date "1991.12.07"]
[Round "4"]
[White "Davis, Michael"]
[Black "Skidmore, Mike"]
[Result "0-1"]
[WhiteElo "1526"]
[BlackElo "1914"]
[PlyCount "65"]
[EventDate "1991.12.07"]

1. d4 c6 2. c4 Nf6 3. Nc3 d5 4. cxd5 cxd5 5. Nf3 Bg4 6. Bf4 Nbd7 7. e3 e6 8.
Bd3 Be7 9. O-O O-O 10. h3 Bh5 11. Rc1 Bg6 12. Ne5 Rc8 13. Nxg6 hxg6 14. Qe2 a6
15. Bh2 b5 16. a3 Nb6 17. f4 Nc4 18. Bxc4 bxc4 19. Na4 Qa5 20. Qc2 Rb8 21. Nc3
Rb3 22. g4 Rfb8 23. Rb1 Bd6 24. Rf2 Qb6 25. Na4 Qc6 26. Nc3 Ne4 27. Nxe4 dxe4
28. Re2 Bxa3 29. f5 R8b7 30. fxg6 fxg6 31. Qc1 Qb5 32. Rc2 Bxb2 33. Qf1 0-1

[Event "Michigan Action"]
[Site "Detroit"]
[Date "1991.12.07"]
[Round "2"]
[White "Davis, Michael"]
[Black "Moody, David"]
[Result "0-1"]
[WhiteElo "1526"]
[BlackElo "2002"]
[PlyCount "62"]
[EventDate "1991.12.07"]

1. d4 Nf6 2. c4 c5 3. d5 e6 4. Nc3 exd5 5. cxd5 d6 6. e4 g6 7. Qa4+ Bd7 8. Bb5
Na6 9. Bg5 Bg7 10. f4 Nc7 11. Nf3 a6 12. Bxd7+ Qxd7 13. Qc2 O-O 14. O-O b5 15.
Rad1 b4 16. Ne2 Rfe8 17. Ng3 a5 18. Bxf6 Bxf6 19. Rfe1 a4 20. e5 Bg7 21. Ng5
dxe5 22. d6 exf4 23. Rxe8+ Rxe8 24. N3e4 Ne6 25. Nxe6 Qxe6 26. d7 Rd8 27. Nxc5
Bd4+ 28. Kh1 Bxc5 29. Qxc5 h5 30. Qc8 Rxc8 31. dxc8=Q+ Qxc8 0-1

[Event "Michigan Action"]
[Site "Detroit"]
[Date "1991.12.07"]
[Round "2"]
[White "Burg, Dan"]
[Black "Tsemekhman, Vadim"]
[Result "0-1"]
[WhiteElo "1853"]
[BlackElo "2434"]
[PlyCount "70"]
[EventDate "1991.12.07"]

1. e4 c5 2. c3 Nf6 3. e5 Nd5 4. d4 cxd4 5. cxd4 e6 6. Nc3 Nxc3 7. bxc3 d6 8.
exd6 Bxd6 9. Qg4 O-O 10. Bh6 Qf6 11. Bg5 Qf5 12. Qxf5 exf5 13. Nf3 Re8+ 14. Be2
f4 15. g3 Bg4 16. Kf1 Bh3+ 17. Ke1 Bg2 18. Kd2 Bxh1 19. Rxh1 Nc6 20. Bxf4 Bxf4+
21. gxf4 f6 22. Rb1 Na5 23. Ne1 b6 24. Nc2 Rad8 25. Ne3 Kf8 26. Bd3 g6 27. f5
g5 28. Ng4 Kg7 29. Ne3 Nb7 30. Bc4 Nd6 31. Be6 Ne4+ 32. Ke1 Nxc3 33. Rc1 Nb5
34. d5 Re7 35. Nc4 Rxd5 0-1

[Event "Michigan Action"]
[Site "Detroit"]
[Date "1991.12.07"]
[Round "4"]
[White "Burg, Dan"]
[Black "Dyer, Todd"]
[Result "1-0"]
[WhiteElo "1853"]
[BlackElo "1487"]
[PlyCount "39"]
[EventDate "1991.12.07"]

1. e4 e5 2. Nf3 Nc6 3. d4 exd4 4. Bc4 Nf6 5. e5 Ng4 6. O-O Bc5 7. h3 Ngxe5 8.
Nxe5 Nxe5 9. Qe2 d6 10. Bf4 f6 11. Qh5+ Ng6 12. Re1+ Kd7 13. Be6+ Kc6 14. Qd5+
Kb6 15. Qb3+ Kc6 16. Qf3+ Kb6 17. a4 Bxe6 18. a5+ Kb5 19. Qxb7+ Kc4 20. Qb3#
1-0

[Event "Michigan Action"]
[Site "Detroit"]
[Date "1991.12.07"]
[Round "6"]
[White "Burg, Dan"]
[Black "Davis, Michael"]
[Result "1-0"]
[WhiteElo "1853"]
[BlackElo "1526"]
[PlyCount "97"]
[EventDate "1991.12.07"]

1. e4 c5 2. c3 e6 3. d4 d5 4. e5 Nc6 5. Be3 Qb6 6. Qd2 Nge7 7. Bd3 Ng6 8. Ne2
Be7 9. O-O O-O 10. Na3 c4 11. Bb1 Qd8 12. Nc2 b5 13. Ne1 Nh4 14. Qc2 Ng6 15.
Nf4 Bd7 16. Nf3 Be8 17. g3 Qd7 18. h4 f5 19. exf6 Bxf6 20. h5 Nxf4 21. Qxh7+
Kf7 22. Bxf4 Ke7 23. g4 Kd8 24. Bg5 e5 25. Bf5 Qe7 26. dxe5 Bxg5 27. Rad1 Kc7
28. Rxd5 Kb6 29. Rfd1 Bf4 30. e6 Bc7 31. a4 a6 32. Nd4 Qh4 33. Nf3 Qe7 34. Re1
Rc8 35. g5 Na5 36. g6 Nc6 37. h6 gxh6 38. g7 Bh5 39. gxf8=Q Rxf8 40. Qxe7 Nxe7
41. a5+ Kxa5 42. Rd7 Nxf5 43. Rxc7 Bxf3 44. e7 Nxe7 45. Rcxe7 Rg8+ 46. Kh2 Rg2+
47. Kh3 Rxf2 48. R7e6 Rxb2 49. Ra1+ 1-0

[Event "Michigan Action"]
[Site "Detroit"]
[Date "1991.12.07"]
[Round "2"]
[White "Baze, Lineas"]
[Black "McGrath, Michael"]
[Result "1-0"]
[WhiteElo "2047"]
[BlackElo "1605"]
[PlyCount "51"]
[EventDate "1991.12.07"]

1. e4 e5 2. Nf3 Nf6 3. Nxe5 Nxe4 4. Qe2 d6 5. Qxe4 dxe5 6. Qxe5+ Qe7 7. Qxe7+
Bxe7 8. Bc4 O-O 9. O-O Nc6 10. Nc3 Nd4 11. Bb3 Nxb3 12. axb3 a6 13. d3 Be6 14.
Bf4 c6 15. h3 b5 16. Ne4 h6 17. Rfe1 g5 18. Bd6 Bxd6 19. Nxd6 Rfd8 20. Ne4 f5
21. Nc5 Bc8 22. Re7 Rf8 23. Rae1 f4 24. Rc7 f3 25. Ree7 fxg2 26. Rg7+ 1-0

[Event "Michigan Action"]
[Site "Detroit"]
[Date "1991.12.07"]
[Round "4"]
[White "Baze, Lineas"]
[Black "Ifill, Don"]
[Result "1-0"]
[WhiteElo "2047"]
[BlackElo "1813"]
[PlyCount "59"]
[EventDate "1991.12.07"]

1. e4 a6 2. d4 b5 3. Nf3 Bb7 4. Bd3 e6 5. Bf4 d6 6. Nbd2 Nd7 7. O-O Ne7 8. c4
b4 9. Qc2 g6 10. e5 d5 11. Rac1 Bg7 12. h3 O-O 13. Bg5 f6 14. exf6 Bxf6 15.
Bxf6 Rxf6 16. Rfe1 Nf5 17. Ne5 Nf8 18. Ndf3 Rc8 19. c5 c6 20. Ng4 Rb8 21. Nxf6+
Qxf6 22. Bxf5 exf5 23. Qe2 Rd8 24. Qe7 Nd7 25. Re6 Qf7 26. Qxd8+ Nf8 27. Rf6
Qg7 28. Re1 Qh6 29. Rxf8+ Qxf8 30. Re8 1-0

[Event "Michigan Action"]
[Site "Detroit"]
[Date "1991.12.07"]
[Round "6"]
[White "Baze, Lineas"]
[Black "Helle, Frank"]
[Result "0-1"]
[WhiteElo "2047"]
[BlackElo "2146"]
[PlyCount "50"]
[EventDate "1991.12.07"]

1. e4 c5 2. Nf3 e6 3. d4 cxd4 4. Nxd4 a6 5. Bd3 Nf6 6. O-O Qc7 7. Be3 Nc6 8.
Nd2 Be7 9. Kh1 d5 10. f4 dxe4 11. Nxe4 O-O 12. c3 Bd7 13. Qc2 g6 14. Rf3 Rac8
15. Ng5 Nd5 16. Ndxe6 Bxe6 17. Nxe6 fxe6 18. Bxg6 Bf6 19. Bxh7+ Qxh7 20. Rg3+
Bg7 21. Qb3 b5 22. Rd1 Na5 23. Qa3 Nc4 24. Qxa6 Rb8 25. Bd4 Rf7 0-1

[Event "Michigan Action"]
[Site "Detroit"]
[Date "1991.12.07"]
[Round "4"]
[White "Austin, Joel"]
[Black "Vallade, J."]
[Result "1-0"]
[WhiteElo "1346"]
[BlackElo "1605"]
[PlyCount "53"]
[EventDate "1991.12.07"]

1. b4 d5 2. Bb2 Nc6 3. a3 Nf6 4. g3 e5 5. Bg2 Bg4 6. d3 Nd4 7. Nd2 e4 8. Bxd4
exd3 9. cxd3 Bd6 10. Ngf3 O-O 11. O-O Bxf3 12. Nxf3 c6 13. Nh4 Re8 14. Nf5 Re6
15. Nxd6 Qxd6 16. f4 Qe7 17. Bc5 Qe8 18. Re1 b6 19. Bd4 c5 20. bxc5 bxc5 21.
Bxc5 Rc8 22. Bd4 Ng4 23. Bh3 Ne3 24. Bxe3 Rxe3 25. Bxc8 Qxc8 26. Qc1 Qh3 27.
Qxe3 1-0

[Event "Michigan Action"]
[Site "Detroit"]
[Date "1991.12.07"]
[Round "6"]
[White "Austin, Joel"]
[Black "McGrath, Michael"]
[Result "1-0"]
[WhiteElo "1346"]
[BlackElo "1605"]
[PlyCount "83"]
[EventDate "1991.12.07"]

1. b4 e5 2. a3 d5 3. Bb2 Bd6 4. f4 f6 5. g3 Bf5 6. Bg2 Ne7 7. e3 Qd7 8. Nc3 d4
9. Bxb7 dxc3 10. Bxc3 Bg4 11. Nf3 Qb5 12. Bxa8 Nbc6 13. Bxc6+ Qxc6 14. O-O Nd5
15. Bb2 O-O 16. Qe1 Re8 17. fxe5 Bxf3 18. Rxf3 Bxe5 19. Bxe5 Rxe5 20. d4 Re8
21. e4 Nb6 22. Rc3 Qxe4 23. Qxe4 Rxe4 24. Rxc7 Rxd4 25. Rxa7 Rd2 26. Rb7 Nc4
27. Rc7 Ne3 28. Re1 Rxc2 29. Rxc2 Nxc2 30. Re8+ Kf7 31. Ra8 f5 32. b5 Nd4 33.
b6 Nc6 34. Ra7+ Kg6 35. b7 Kf6 36. Ra6 Ke7 37. Rxc6 Kd7 38. Rc8 g5 39. b8=Q h5
40. Qb7+ Kd6 41. Rc6+ Ke5 42. Qb5+ 1-0

[Event "Michigan Action"]
[Site "Detroit"]
[Date "1991.12.07"]
[Round "2"]
[White "Austin, Joel"]
[Black "Harris, Diarra"]
[Result "1-0"]
[WhiteElo "1346"]
[BlackElo "1605"]
[PlyCount "35"]
[EventDate "1991.12.07"]

1. b4 d6 2. Bb2 Bf5 3. d3 e5 4. e4 Be6 5. d4 c6 6. d5 Bd7 7. dxc6 Nxc6 8. a3
Be7 9. Nf3 f6 10. Nc3 Nd4 11. Nxd4 exd4 12. Nd5 g6 13. Bxd4 f5 14. Bxh8 fxe4
15. Qe2 h5 16. Qxe4 Rc8 17. Qxg6+ Kf8 18. Bg7# 1-0

[Event "Lansing Mini-Swiss (December)"]
[Site "Lansing, Mich."]
[Date "1991.12.08"]
[Round "2"]
[White "Stigter, John"]
[Black "Moody, David"]
[Result "0-1"]
[WhiteElo "2139"]
[BlackElo "2042"]
[PlyCount "100"]
[EventDate "1991.12.08"]

1. e4 e5 2. Nf3 Nc6 3. d4 exd4 4. Bc4 Nf6 5. O-O Bc5 6. e5 d5 7. exf6 dxc4 8.
Re1+ Be6 9. Ng5 Qd5 10. Nc3 Qf5 11. Nce4 O-O-O 12. g4 Qe5 13. Nxe6 fxe6 14. Bg5
g6 15. f7 d3 16. Bf6 Bxf2+ 17. Kxf2 Qxh2+ 18. Kf1 Qh1+ 19. Kf2 Qh2+ 20. Ke3
dxc2 21. Qxd8+ Nxd8 22. Bxh8 Nxf7 23. Rh1 Qg2 24. Rxh7 Qxg4 25. Rxf7 Qh3+ 26.
Kd4 Qxh8+ 27. Nf6 Qd8+ 28. Kxc4 b5+ 29. Kxb5 Qd1 30. Ka6 Qd6+ 31. Ka5 Qc5+ 32.
Ka4 c1=Q 33. Rxc1 Qxc1 34. b4 Qb2 35. a3 Kb7 36. Ne8 Qc2+ 37. Ka5 Qc6 38. Rxc7+
Qxc7+ 39. Nxc7 Kxc7 40. Kb5 g5 41. Kc4 Kc6 42. a4 g4 43. Kd4 g3 44. Ke3 Kd5 45.
Kf3 Kc4 46. b5 Kb4 47. Kxg3 Kxa4 48. Kf4 Kxb5 49. Ke5 a5 50. Kxe6 a4 0-1

[Event "Lansing Mini-Swiss (December)"]
[Site "Lansing, Mich."]
[Date "1991.12.08"]
[Round "1"]
[White "Moody, David"]
[Black "Lindsay, Fred"]
[Result "0-1"]
[WhiteElo "2042"]
[BlackElo "2417"]
[PlyCount "78"]
[EventDate "1991.12.08"]

1. e4 c5 2. c3 e6 3. d4 d5 4. e5 Nc6 5. Nf3 Qb6 6. a3 c4 7. Nbd2 Bd7 8. Rb1 f6
9. b3 cxb3 10. Rxb3 Qc7 11. c4 fxe5 12. cxd5 Nxd4 13. Nxd4 exd4 14. dxe6 Bxe6
15. Qh5+ g6 16. Bb5+ Ke7 17. Qh4+ Nf6 18. O-O Bxb3 19. Nxb3 Kf7 20. Bf4 Bd6 21.
Rc1 Qe7 22. Bc4+ Ke8 23. Bxd6 Qxd6 24. Re1+ Kd7 25. Re6 Qxe6 26. Nc5+ Ke7 27.
Nxe6 Rac8 28. Qxd4 b5 29. Qxa7+ Kd6 30. Qb6+ Rc6 31. Qxb5 Rhc8 32. Qb4+ Ke5 33.
f4+ Kf5 34. Ng7+ Kxf4 35. Bd5+ Ke5 36. Bxc6 Rxc6 37. Qb5+ Kd6 38. Qb8+ Kd7 39.
Qe5 Rc1+ 0-1

[Event "Lansing Mini-Swiss (December)"]
[Site "Lansing, Mich."]
[Date "1991.12.08"]
[Round "3"]
[White "Moody, David"]
[Black "Brattin, Brian"]
[Result "0-1"]
[WhiteElo "2042"]
[BlackElo "1995"]
[PlyCount "46"]
[EventDate "1991.12.08"]

1. Nc3 e6 2. d4 d5 3. Bf4 a6 4. e3 c5 5. Nf3 Nc6 6. Be2 f5 7. Ne5 cxd4 8. Bh5+
g6 9. Nxc6 bxc6 10. Qxd4 Nf6 11. Be5 Bg7 12. Bf3 O-O 13. O-O-O Qe7 14. h4 Ne4
15. Rdf1 c5 16. Qd1 Bxe5 17. Nxd5 Qd8 18. Bxe4 fxe4 19. h5 Qxd5 20. Qg4 Qxa2
21. hxg6 Qxb2+ 22. Kd1 Rd8+ 23. Ke1 Qc1+ 0-1

[Event "Morning Action Quads (December)"]
[Site "Farmington Hills, Mich."]
[Date "1991.12.14"]
[Round "2"]
[White "Stockham, James"]
[Black "Moody, David"]
[Result "1-0"]
[WhiteElo "1784"]
[BlackElo "2042"]
[PlyCount "61"]
[EventDate "1991.12.14"]

1. e4 e5 2. f4 Nc6 3. Nf3 d6 4. d4 exd4 5. Nxd4 Nf6 6. Nxc6 bxc6 7. Bd3 d5 8.
e5 Ng4 9. Nc3 Bc5 10. Na4 Nf2 11. Qe2 Bg4 12. Qd2 Nxh1 13. Nxc5 O-O 14. Kf1 Qh4
15. Kg1 Rae8 16. b3 f6 17. Bb2 fxe5 18. Bxe5 Rxe5 19. fxe5 Rf2 20. Qe3 Bf3 21.
Bf1 Rxc2 22. Kxh1 Bh5 23. Ne6 Bg6 24. Bd3 Rc3 25. Rf1 Bf7 26. Qxa7 Qe7 27. Qb8+
Be8 28. Nxc7 Rxd3 29. Nxe8 h6 30. Nf6+ Kf7 31. Nxd5+ 1-0

[Event "Morning Action Quads (December)"]
[Site "Farmington Hills, Mich."]
[Date "1991.12.14"]
[Round "1"]
[White "Moody, David"]
[Black "VanLoon, Cliff"]
[Result "1-0"]
[WhiteElo "2042"]
[BlackElo "1924"]
[PlyCount "67"]
[EventDate "1991.12.14"]

1. e4 c5 2. c3 d5 3. exd5 Qxd5 4. d4 e5 5. Nf3 e4 6. Ne5 Nc6 7. Bc4 Qd8 8. Nxf7
Qh4 9. Bg5 Qg4 10. Qxg4 Bxg4 11. Nxh8 cxd4 12. Bxg8 dxc3 13. Nxc3 Bb4 14. Bb3
Nd4 15. Nf7 Nxb3 16. axb3 Kxf7 17. O-O h6 18. Be3 a5 19. Nxe4 Bf5 20. Ng3 Bd3
21. Rfd1 Ba6 22. Bd2 Be7 23. Bxa5 Rc8 24. Bc3 Bb5 25. Nf5 Rc7 26. Ra5 Bc6 27.
Bxg7 Be4 28. Bxh6 Bxf5 29. Rxf5+ Kg6 30. Bf4 Rc2 31. g4 Rxb2 32. Rd7 Bb4 33.
Rh5 Rxb3 34. Rh6# 1-0

[Event "Morning Action Quads (December)"]
[Site "Farmington Hills, Mich."]
[Date "1991.12.14"]
[Round "3"]
[White "Finegold, Mark"]
[Black "Moody, David"]
[Result "1-0"]
[WhiteElo "2238"]
[BlackElo "2042"]
[PlyCount "89"]
[EventDate "1991.12.14"]

1. c4 e5 2. Nc3 Nc6 3. e3 f5 4. g3 Nf6 5. Bg2 Be7 6. d3 O-O 7. Nge2 d6 8. O-O
f4 9. exf4 Qe8 10. fxe5 Nxe5 11. d4 Nc6 12. Nf4 Bg4 13. f3 Bf5 14. Ncd5 Qd7 15.
Be3 Rae8 16. Qd2 Nxd5 17. Nxd5 Bf6 18. Nxf6+ Rxf6 19. Rae1 Bh3 20. f4 Bxg2 21.
Qxg2 Qf7 22. d5 Nb4 23. Qd2 c5 24. a3 Na6 25. Qd3 Qh5 26. Bd2 Rff8 27. Re6 Nc7
28. Rxe8 Rxe8 29. Re1 Rxe1+ 30. Bxe1 Qe8 31. Bc3 Qf7 32. a4 Qd7 33. b3 a6 34.
a5 Ne8 35. Qe4 Kf7 36. Qxh7 Qg4 37. Qd3 Nc7 38. Kg2 Na8 39. h3 Qd7 40. Qf3 b5
41. axb6 Nxb6 42. Qh5+ Kg8 43. f5 Qe7 44. Qg4 Qe3 45. Qxg7# 1-0

[Event "Pan-Am Collegiate Team"]
[Site "?"]
[Date "1991.12.28"]
[Round "2"]
[White "Aldrich, Jeff"]
[Black "Merli, Chris"]
[Result "1/2-1/2"]
[WhiteElo "1895"]
[BlackElo "2047"]
[PlyCount "101"]
[EventDate "1991.??.??"]

1. d4 g6 2. c4 Bg7 3. Nc3 d6 4. Nf3 Nf6 5. e4 O-O 6. Bd3 Nc6 7. a3 Re8 8. O-O
e5 9. d5 Nd4 10. h3 c5 11. dxc6 bxc6 12. b4 d5 13. Re1 Bb7 14. Bg5 Ne6 15. Bxf6
Bxf6 16. cxd5 cxd5 17. Bb5 Re7 18. Nxd5 Bxd5 19. Qxd5 Qxd5 20. exd5 Nf8 21. Nd2
e4 22. Rad1 Bb2 23. Nxe4 Kg7 24. d6 Re5 25. Nc5 Rxe1+ 26. Rxe1 Bxa3 27. Re8
Rxe8 28. Bxe8 Kf6 29. Nd3 Ke6 30. Kf1 f6 31. Ke2 Kxd6 32. Kd2 Ne6 33. Kc3 Nc7
34. Ba4 Kd5 35. f3 g5 36. Bb3+ Kd6 37. Bc4 a5 38. bxa5 Kc6 39. Kd4 Ne8 40. Bg8
h6 41. f4 Kb5 42. Ke4 Ng7 43. fxg5 hxg5 44. Nf2 Kxa5 45. Kd5 Kb6 46. Ne4 Be7
47. Nd2 Kc7 48. Nf3 Kd8 49. Nd4 Kd7 50. Be6+ Nxe6 51. Nxe6 1/2-1/2

[Event "Pan-Am Collegiate Team"]
[Site "?"]
[Date "1991.12.30"]
[Round "6"]
[White "Aldrich, Jeff"]
[Black "Meltzer, Jonathan"]
[Result "0-1"]
[WhiteElo "1895"]
[BlackElo "2012"]
[PlyCount "64"]
[EventDate "1991.??.??"]

1. d4 Nf6 2. c4 g6 3. Nc3 Bg7 4. e4 d6 5. Bd3 O-O 6. Nge2 Nc6 7. a3 a6 8. f3 e5
9. d5 Ne7 10. Be3 Kh8 11. O-O Nfg8 12. b4 f5 13. c5 f4 14. Bf2 g5 15. Nc1 h5
16. Be2 Nh6 17. Nb3 Ng6 18. Rc1 g4 19. cxd6 cxd6 20. Nd2 Qg5 21. Qe1 g3 22.
Bxg3 h4 23. Bf2 Bh3 24. g3 fxg3 25. hxg3 Nf4 26. Kh2 hxg3+ 27. Bxg3 Qh5 28.
Bxf4 Bxf1+ 29. Kg1 Rxf4 30. Qxf1 Bf6 31. Kf2 Ng4+ 32. Ke1 Bh4+ 0-1